<?xml version="1.0" encoding="UTF-8"?>
<collection xmlns="http://www.loc.gov/MARC21/slim">
 <record>
  <leader>01037nam a2200253 a 4500</leader>
  <controlfield tag="001">3994458</controlfield>
  <controlfield tag="008">091015s1995    ii af    b    101 0 eng d</controlfield>
  <datafield tag="010" ind1=" " ind2=" ">
   <subfield code="a">   95904350 </subfield>
  </datafield>
  <datafield tag="020" ind1=" " ind2=" ">
   <subfield code="a">9788173701108</subfield>
  </datafield>
  <datafield tag="020" ind1=" " ind2=" ">
   <subfield code="a">8173701105</subfield>
  </datafield>
  <datafield tag="040" ind1=" " ind2=" ">
   <subfield code="a">DLC</subfield>
   <subfield code="c">DLC</subfield>
  </datafield>
  <datafield tag="082" ind1="0" ind2="0">
   <subfield code="a">305.4/0954</subfield>
   <subfield code="2">20</subfield>
  </datafield>
  <datafield tag="245" ind1="0" ind2="0">
   <subfield code="a">Indian women, myth and reality /</subfield>
   <subfield code="c">edited by Jasodhara Bagchi.</subfield>
  </datafield>
  <datafield tag="260" ind1=" " ind2=" ">
   <subfield code="a">Hyderabad :</subfield>
   <subfield code="b">Sangam Books :</subfield>
   <subfield code="b">Distributed by Orient Longman,</subfield>
   <subfield code="c">1995.</subfield>
  </datafield>
  <datafield tag="300" ind1=" " ind2=" ">
   <subfield code="a">xiii, 192 p., [12] p. of plates :</subfield>
   <subfield code="b">ill. ;</subfield>
   <subfield code="c">22 cm.</subfield>
  </datafield>
  <datafield tag="520" ind1=" " ind2=" ">
   <subfield code="a">Contributed seminar papers.</subfield>
  </datafield>
  <datafield tag="504" ind1=" " ind2=" ">
   <subfield code="a">Includes bibliographical references and index.</subfield>
  </datafield>
  <datafield tag="541" ind1="1" ind2=" ">
   <subfield code="e">00019385</subfield>
  </datafield>
  <datafield tag="650" ind1=" " ind2="0">
   <subfield code="a">Women</subfield>
   <subfield code="z">India.</subfield>
  </datafield>
  <datafield tag="650" ind1=" " ind2="0">
   <subfield code="a">Women</subfield>
   <subfield code="z">India</subfield>
   <subfield code="x">Social conditions.</subfield>
  </datafield>
  <datafield tag="700" ind1="1" ind2=" ">
   <subfield code="a">Bagchi, Jasodhara.</subfield>
  </datafield>
  <datafield tag="852" ind1="4" ind2=" ">
   <subfield code="a">Ayesha Abed Library </subfield>
   <subfield code="j">General Shelf.</subfield>
  </datafield>
  <datafield tag="999" ind1=" " ind2=" ">
   <subfield code="c">4599</subfield>
   <subfield code="d">4599</subfield>
  </datafield>
  <datafield tag="952" ind1=" " ind2=" ">
   <subfield code="0">0</subfield>
   <subfield code="1">0</subfield>
   <subfield code="2">ddc</subfield>
   <subfield code="4">0</subfield>
   <subfield code="6">305_409540000000000_IND</subfield>
   <subfield code="7">0</subfield>
   <subfield code="9">4384</subfield>
   <subfield code="a">BRACUL</subfield>
   <subfield code="b">BRACUL</subfield>
   <subfield code="c">GEN</subfield>
   <subfield code="d">2009-10-09</subfield>
   <subfield code="l">3</subfield>
   <subfield code="m">6</subfield>
   <subfield code="o">305.40954 IND</subfield>
   <subfield code="p">3010019385</subfield>
   <subfield code="q">2026-05-20</subfield>
   <subfield code="r">2026-05-13</subfield>
   <subfield code="s">2026-05-13</subfield>
   <subfield code="t">1</subfield>
   <subfield code="w">2009-10-18</subfield>
   <subfield code="y">BK</subfield>
   <subfield code="x">Transferred from ENH to Ayesha Abed library on 20/12/2023</subfield>
  </datafield>
 </record>
</collection>
